| 000 | 01190nam a2200337ua 4500 | ||
|---|---|---|---|
| 001 | 20380 | ||
| 003 | VRT | ||
| 005 | 20260121151350.0 | ||
| 008 | 090725i1986 xo | 001 0 slo d | ||
| 035 | _a(SVKBBclas03)vtls000270466 | ||
| 039 | 9 |
_a202112171439 _bAUTHORITY |
|
| 040 |
_aSVKBB _bslo _cSVKBB _eAACR2 |
||
| 041 | 0 |
_aslo _hbul |
|
| 080 | _a633.88 | ||
| 080 | _a615.32 | ||
| 100 | 1 | _aPamukov, Dimiter | |
| 245 | 1 | 0 |
_aPrírodná lekáreň _cDimiter Pamukov ; z bulharského originálu preložila Zdenka Kramplová ; perovky Andrej Hurnák ; farebné obrázky Dionýz Dugas...[ a kol.] |
| 250 | _a1. vyd. | ||
| 260 |
_aBratislava _bPríroda _c1986 |
||
| 300 |
_a305 s. _breg., lit. |
||
| 440 | 0 | _aRastlinná výroba | |
| 504 | _aObsahuje register, litaratúru na strane 295 | ||
| 650 | 0 | 7 |
_aliečivé rastliny _2SVKBBPH |
| 650 | 0 | 7 |
_afytofarmaká, _2SVKBBPH |
| 700 | 1 |
_aKramplová, Zdenka, _d1957-, _eprekladateľ _4trl |
|
| 700 | 1 |
_aHurňák, Andrej, _eilustrátor _4ill |
|
| 700 | 1 |
_aDugas, Dionýz, _d1941-, _eilustrátor _4ill |
|
| 942 |
_2ddc _cOLDO _n0 |
||
| 949 |
_6270001000437240 _asvkbbB 18491-b _bsvkbbm 488246 |
||
| 949 |
_6270001000437246 _asvkbbB 18491-c _bsvkbbm 496606 |
||
| 999 |
_c20380 _d20380 |
||